00368 a2200109 4500001000900000005001700009008004100026245009300067100001800160773006300178999001700241ART_991420260410161847.0260409a 10aEn torno al uso de los modelos en las ciencias y en particular en la ciencia económica1 aGini, Corrado0 tEconómicag- Año II, Nº 7/8 (ene./jul. 1956)wREV7541 c24631d24631